000 00747nam a22001937a 4500
999 _c4404
_d4404
003 AR-CdUCM
008 190308b ||||| |||| 00| 0 spa d
040 _aMUNICIPALIDAD PROVINCIAL DEL CUSCO
_cBIBLIOTECA MUNICIPAL DEL CUSCO
082 _a869.56 /
_bF36
100 _aFernández Cozman, Camilo
_913889
245 _aLas ínsulas extrañas de Emilio Adolfo Westphalen /
260 _aLima :
_bNaylamp Editores,
_c1990.
300 _a124 paginas ;
_c20 cm.
505 _aContenido :La critica y la poesía de Westphalen --El sistema poético formal de Westphalen --Westphalen y el surrealismo --Interpretacion del mundo Westphaliano ...
650 _aLiteratura peruana
_9169
650 _aPoesia
_91598
942 _2ddc
_cLIBROS
945 _arjall